| 000 | 01089nas a2200253 a 4500 | ||
|---|---|---|---|
| 001 | 385217 | ||
| 005 | 20250611114834.0 | ||
| 007 | ta | ||
| 008 | 250428e2015 dr p|ro || ||spa ||spa| | ||
| 011 | _a2015 | ||
| 040 |
_aDO-SdBNP _cBNPHU _erda |
||
| 041 | _hspa | ||
| 245 |
_aSer justo es lo primero... _bla crisis de los trabajadores dominicanos bajo el actual modelo económico y los desafíos de una reforma al código de trabajo para más justicia y prosperidad: Informe de análisis y propuestas / _cFundación Juan Bosch. |
||
| 264 |
_aSanto Domingo, República Dominicana : _bEdiciones Fundación Juan Bosch, _c2015. |
||
| 300 |
_avolumen : _bilustraciones, fotografías, gráficas ; _c28 cm. |
||
| 336 |
_atexto _btxt _2rdacontent |
||
| 337 |
_asin mediación _bn _2rdamedia |
||
| 338 |
_avolumen _bnc _2rdacarrier |
||
| 362 | _aAño 2015. | ||
| 500 | _aDonación, 2015. | ||
| 650 |
_976963 _aTrabajadores _xCódigo de trabajo _xAspectos económicos _vPublicación periódicas _zRepública Dominica |
||
| 710 | 2 |
_aFundación Juan Bosch _984953 |
|
| 942 |
_2ddc _cISSUE |
||
| 999 |
_c58820 _d58820 |
||